Bergen's Elements of botany. : Part II. Flora of the Pacific coast /

Bibliographic Details
Main Author: Bergen, Joseph Young, 1851-1917
Other Authors: Eastwood, Alice
Format: Book
Language:English
Published: Boston, London : Ginn & company, 1897.
Subjects:

MARC

Tag First Indicator Second Indicator Subfields
LEADER 00000cam a2200000 4500
001 in00000040254
005 20151007072407.0
008 800605s1897 mau 00010 eng
010 |a  04014965  
035 |a (OCoLC)06392359 
035 |9 AAE7797AM 
040 |a DLC  |c TXA  |d UtOrBLW 
049 |a TXAM  |c [78906] 
050 0 |a QK47  |b .B493 
092 |a 581.979  |b B495e 
100 1 |a Bergen, Joseph Young,  |d 1851-1917. 
245 1 0 |a Bergen's Elements of botany. :  |b Part II. Flora of the Pacific coast /  |c By Alice Eastwood ... 
264 1 |a Boston,  |a London :  |b Ginn & company,  |c 1897. 
300 |a 1 page ., 158 pages ;  |c 18 cm. 
336 |a text  |b txt  |2 rdacontent 
337 |a unmediated  |b n  |2 rdamedia 
338 |a volume  |b nc  |2 rdacarrier 
500 |a Cover-title. 
650 0 |a Botany  |z Pacific States. 
700 1 |a Eastwood, Alice. 
999 |a MARS 
999 f f |s b24e6b52-080d-35f2-b923-b7e2d50a6259  |i ad81465a-8330-3f1a-b9f7-2b6661f164ab  |t 0 
952 f f |p ric  |a Texas A&M University  |b Rellis Campus  |c Joint Library Facility  |d Remote Storage  |t 0  |e QK47 .B493  |h Library of Congress classification  |i unmediated -- volume  |m A14800993810 
998 f f |a QK47 .B493  |t 0  |l Remote Storage